De Barcelonnette au Mexique (Record no. 3563)

MARC details
000 -CABECERA
campo de control de longitud fija 00696nam a2200217 a 4500
001 - NÚMERO DE CONTROL
campo de control BRCA_3835
005 - FECHA Y HORA DE LA ÚLTIMA TRANSACCIÓN
campo de control 20190320204436.0
008 - DATOS DE LONGITUD FIJA--INFORMACIÓN GENERAL
campo de control de longitud fija 111209s1892----fr-a######---#000-0#fre-#
050 #4 - SIGNATURA TOPOGRÁFICA DE LA BIBLIOTECA DEL CONGRESO
Número de clasificación F1215.6
Número de documento/Ítem .Ch33 1892
100 1# - ENTRADA PRINCIPAL--NOMBRE DE PERSONA
Nombre de persona Chabrand, Emile.
9 (RLIN) 4700
245 10 - MENCIÓN DE TÍTULO
Título De Barcelonnette au Mexique
Resto del título Inde, Birmanie, Chine, Japon, États-Unis
Mención de responsabilidad, etc. Emile Chabrand.
260 ## - PUBLICACIÓN, DISTRIBUCIÓN, ETC.
Lugar de publicación, distribución, etc. París
Nombre del editor, distribuidor, etc. E. Plon, Nourrit et Cie.
Fecha de publicación, distribución, etc. 1892
300 ## - DESCRIPCIÓN FÍSICA
Extensión 472 p.
Otras características físicas il.
Dimensiones 21 cm.
500 ## - NOTA GENERAL
Nota general Recibió el Prix Montyon de la Academia Francesa.
500 ## - NOTA GENERAL
Nota general Incluye tabla de materias.
500 ## - NOTA GENERAL
Nota general B179
650 14 - PUNTO DE ACCESO ADICIONAL DE MATERIA--TÉRMINO DE MATERIA
Término de materia o nombre geográfico como elemento de entrada Viajeros franceses.
9 (RLIN) 7982
651 #4 - PUNTO DE ACCESO ADICIONAL DE MATERIA--NOMBRE GEOGRÁFICO
Nombre geográfico México
Subdivisión de forma Descripción y viajes.
9 (RLIN) 9987
902 ## - CATALOGADOR
Iniciales GFM
942 ## - ELEMENTOS DE PUNTO DE ACCESO ADICIONAL (KOHA)
Fuente del sistema de clasificación o colocación Library of Congress Classification
Tipo de ítem Koha Libros
Holdings
Estado de retiro Estado de pérdida Estado dañado No para préstamo Localización permanente Ubicación/localización actual Fecha de adquisición Número de inventario Total de préstamos Signatura topográfica completa Código de barras Fecha visto por última vez Precio válido a partir de Tipo de ítem Koha
El ejemplar forma parte de la colección y puede ser consultado según las políticas vigentes.       Biblioteca del Museo Franz Mayer (Rogerio Casas-Alatriste) Biblioteca del Museo Franz Mayer (Rogerio Casas-Alatriste) 11/12/2009 B179   F1215.6 .Ch33 1892 (B179) 3832 22/03/2019 22/03/2019 Libros